LEADER 00526nab a2200133 i 4500 001 000000323236 003 CaOOAMICUS 005 20180831173420.0 008 180831n it uu u0 0ita r 013 $a33577 040 $aSeMil$bita 245 10$a"Accompagnare un amico in Seminario". Raduno per i giovani amici. In [rubrica] :$bGiovani amici. 773 0 $t[NOVEMBRE 2003]. - 32 p.$gp.14$w()261348 996 $6245$a"Accompagnare un amico in Seminario". Raduno per i giovani amici. In [rubrica] :$bGiovani amici.$9(OLS)http://semarc/title/396631 LEADER 00457nab a2200145 i 4500 001 000000269395 003 CaOOAMICUS 005 20180831164825.0 008 180831n xx uu u0 0und r 013 $a15297 040 $aSeMil$bita 245 10$a[vedi periodico]. 500 $aSettembre 1996, inserto redazionale. 773 0 $aPedrocco, Filippo$tTiepolo.$dFirenze : Giunti, 1996.$z88-09-76211-8$w()173715 996 $6245$a[vedi periodico]$9(OLS)http://semarc/title/309439